000 00612nam a2200265Ia 4500
005 20260324152750.0
008 008 260324s9999 xx 000 0 eng d
020 _a9780123869449
037 _aEBOOK
040 _aCRL
040 _beng
040 _cCRL
041 _2eng
041 _aeng
084 _qCRL
100 _aModest, Michael
_91229694
245 0 _aRadiative Heat Transfer
260 _bElsevier
260 _c2013
650 _aEnergy
856 _uhttps://www.sciencedirect.com/science/book/9780123869449
942 _cEBOOK
999 _c1840550
_d1840550